000 00294nam a2200109Ia 4500
008 200302s9999 xx 000 0 und d
100 _aLisa Frindley
245 _aStudios Architecture Buildings Innovation + Technology
260 _bImages Publishing, Austraila
260 _c2009
300 _a98 P
999 _c4874
_d4874